<?xml version="1.0" encoding="UTF-8"?>
<collection xmlns:xsi="http://www.w3.org/2001/XMLSchema-instance" xsi:schemaLocation="http://www.loc.gov/MARC21/slim http://www.loc.gov/standards/marcxml/schema/MARC21slim.xsd" xmlns="http://www.loc.gov/MARC21/slim">
 <record>
  <leader>00000cmm a22000004a 4500</leader>
  <controlfield tag="001">UP-99796217611212045</controlfield>
  <controlfield tag="003">Buklod</controlfield>
  <controlfield tag="005">20140423150203.0</controlfield>
  <controlfield tag="006">m    go  j        </controlfield>
  <controlfield tag="007">cr cn |||aaaaa</controlfield>
  <controlfield tag="008">110825s2011    xxu        u |      eng d</controlfield>
  <datafield tag="020" ind1=" " ind2=" ">
   <subfield code="a">9781461413356 (eBook)</subfield>
  </datafield>
  <datafield tag="020" ind1=" " ind2=" ">
   <subfield code="a">1461413354 (eBook)</subfield>
  </datafield>
  <datafield tag="035" ind1=" " ind2=" ">
   <subfield code="a">(iLib)UPD-00214608193</subfield>
  </datafield>
  <datafield tag="040" ind1=" " ind2=" ">
   <subfield code="a">DML</subfield>
  </datafield>
  <datafield tag="041" ind1="0" ind2=" ">
   <subfield code="a">eng</subfield>
  </datafield>
  <datafield tag="042" ind1=" " ind2=" ">
   <subfield code="a">DMLUC</subfield>
  </datafield>
  <datafield tag="084" ind1=" " ind2=" ">
   <subfield code="a">TK 7882 S65</subfield>
   <subfield code="b">I58 2011eb</subfield>
  </datafield>
  <datafield tag="245" ind1="1" ind2="0">
   <subfield code="a">Proceedings of the Paralinguistic Information and its Integration in Spoken Dialogue Systems Workshop</subfield>
   <subfield code="h">[electronic resource]</subfield>
   <subfield code="c">Ramón López-Cózar Delgado, Tetsunori Kobayashi, editors.</subfield>
  </datafield>
  <datafield tag="264" ind1=" " ind2="1">
   <subfield code="a">New York</subfield>
   <subfield code="b">Springer</subfield>
   <subfield code="c">c2011.</subfield>
  </datafield>
  <datafield tag="300" ind1=" " ind2=" ">
   <subfield code="a">1 online resource (xxxiv, 384 p.)</subfield>
  </datafield>
  <datafield tag="505" ind1="0" ind2=" ">
   <subfield code="a">Taking at the Interaction Management with New Eyes - Conversational Synchrony and Cooperation using Eye Gaze -- Interacting with Purpose (and Feeling!): What Neuropsychology and the Performing Arts Can Tell Us About Real Spoken Language Behaviour -- Accessing Web Resources in Different Languages Using a Multilingual Speech Dialog System -- New Technique for Handling ASR Errors at the Semantic Level in Spoken Dialogue Systems -- Combining Slot-based Vector Space Model for Voice Book Search -- Preprocessing of Dysarthric Speech in Noise Based on CV?Dependent Wiener Filtering -- Conditional Random Fields for Modeling Korean Pronunciation Variation -- An Analysis of the Speech Under Stress Using the Two-Mass Vocal Fold Model -- Domain-Adapted Word Segmentation for an Out-of-Domain Language Modeling --  Analysis on Effects of Text-to-Speech and Avatar Agent in Evoking Users? Spontaneous Listener?s Reactions -- Development of a Data-driven Framework for Multimodal Interactive Systems -- Multiparty Conversation Facilitation Strategy Using Combination of Question Answering and Spontaneous Utterances -- Conversational Speech Synthesis System with Communication Situation Dependent HMMs -- An Event-Based Conversational System for the Nao Robot -- Towards Learning Human-Robot Dialogue Policies Combining Speech and Visual Beliefs -- JAM: Java-based Associative Memory -- Conversation Peculiarities of People with Different Verbal Intelligence -- Merging Intention and Emotion to Develop Adaptive Dialogue Systems -- All Users Are (Not) Equal - The Influence of User Characteristics on Perceived Quality, Modality Choice and Performance -- Parallel Computing and Practical Constraints when applying the Standard POMDP Belief Update Formalism to Spoken Dialogue Management -- Ranking Dialog Acts using Discourse Coherence Indicator for Language Tutoring Dialog Systems -- On-line detection of task incompletion for spoken dialog systems using utterance and behavior tag N-gram vectors -- Integration of Statistical Dialog Management Techniques to Implement Commercial Dialog Systems -- A Theoretical Framework for a User-Centered Spoken Dialog Manger -- Using probabilistic logic for dialogue strategy selection -- Starting to Cook a Coaching Dialogue System in the Olympus framework -- Performance of an Ad-hoc User Simulation in a Formative Evaluation of a Spoken Dialog System -- Adapting Dialogue to User Emotion - A Wizard-of-Oz study for adaptation strategies -- SpeechEval: A Domain-Independent User Simulation Platform for Spoken Dialog System Evaluation -- Evaluating User-System Interactional Chains for Naturalness-oriented Spoken Dialogue Systems -- Evaluation of Spoken Dialogue System that uses Utterance Timing to Interpret User Utterances -- How context determines perceived quality and modality choice -- Secondary task paradigm applied to the evaluation of multimodal interfaces -- Design and Implementation of a Toolkit for Evaluation of Spoken Dialogue Systems Designed for AmI Environments -- A Dialogue System for Conversational NPCs -- Embedded Conversational Engine for Natural Language Interaction in Spanish -- Adding Speech to a Robotics Simulator.</subfield>
  </datafield>
  <datafield tag="506" ind1=" " ind2=" ">
   <subfield code="a">IP-based subscription, access limited to within on-campus computer network.</subfield>
   <subfield code="c">Access via Electronic Resources of the UPD University Library Website.</subfield>
  </datafield>
  <datafield tag="520" ind1=" " ind2=" ">
   <subfield code="a">This volume includes proceedings articles presented at the Workshop on Paralinguistic Information and its Integration in Spoken Dialogue Systems held in Granada, Spain. The material focuses on the three broad areas of spoken dialogue systems for robotics, emotions and spoken dialogue systems, and Spoken dialogue systems for real-world applications The workshop proceedings are part of the 3rd Annual International Workshop on Spoken Dialogue Systems, which brings together researchers from all over the world working in the field of spoken dialogue systems. It provides an international forum for the presentation of research and applications, and for lively discussions among researchers as well as industrialists.</subfield>
  </datafield>
  <datafield tag="533" ind1=" " ind2=" ">
   <subfield code="a">Electronic reproduction.</subfield>
   <subfield code="b">New York</subfield>
   <subfield code="c">SpringerLink</subfield>
   <subfield code="d">2011.</subfield>
   <subfield code="n">Available via World Wide Web through SpringerLink.</subfield>
  </datafield>
  <datafield tag="650" ind1=" " ind2="0">
   <subfield code="a">Speech processing systems</subfield>
   <subfield code="v">Congresses.</subfield>
  </datafield>
  <datafield tag="650" ind1=" " ind2="0">
   <subfield code="a">Natural language processing (Computer science)</subfield>
   <subfield code="v">Congresses.</subfield>
  </datafield>
  <datafield tag="650" ind1=" " ind2="0">
   <subfield code="a">Electronic books.</subfield>
  </datafield>
  <datafield tag="700" ind1="1" ind2=" ">
   <subfield code="a">López-Cózar Delgado, Ramón.</subfield>
  </datafield>
  <datafield tag="700" ind1="1" ind2=" ">
   <subfield code="a">Kobayashi, Tetsunori.</subfield>
  </datafield>
  <datafield tag="710" ind1="2" ind2=" ">
   <subfield code="a">SpringerLink (Online service).</subfield>
  </datafield>
  <datafield tag="856" ind1="4" ind2="0">
   <subfield code="y">Available for University of the Philippines Diliman via SpringerLink. Click here to access</subfield>
   <subfield code="u">http://link.springer.com/book/10.1007/978-1-4614-1335-6</subfield>
  </datafield>
  <datafield tag="905" ind1=" " ind2=" ">
   <subfield code="a">FO</subfield>
  </datafield>
  <datafield tag="950" ind1=" " ind2=" ">
   <subfield code="a">Monograph</subfield>
  </datafield>
  <datafield tag="852" ind1="0" ind2=" ">
   <subfield code="a">UPD</subfield>
   <subfield code="b">DMLR</subfield>
  </datafield>
  <datafield tag="942" ind1=" " ind2=" ">
   <subfield code="a">Electronic Resource</subfield>
  </datafield>
 </record>
</collection>
